North and south : an authoritative text, contexts, criticism (Record no. 19082)

MARC details
000 -LEADER
fixed length control field 00695nam a2200241 a 4500
001 - CONTROL NUMBER
control field 156691
003 - CONTROL NUMBER IDENTIFIER
control field OSt
005 - DATE AND TIME OF LATEST TRANSACTION
control field 20211008132508.0
008 - FIXED-LENGTH DATA ELEMENTS--GENERAL INFORMATION
fixed length control field 190213 ### HIN
020 ## - INTERNATIONAL STANDARD BOOK NUMBER
International Standard Book Number 9780393979084
082 ## - DEWEY DECIMAL CLASSIFICATION NUMBER
Classification number 823.8
Item number G21E
100 ## - MAIN ENTRY--PERSONAL NAME
Personal name Gaskell, Elizabeth
245 ## - TITLE STATEMENT
Title North and south : an authoritative text, contexts, criticism
Statement of responsibility, etc by Elizabeth Gaskell; edited by Alan Shelston
260 ## - PUBLICATION, DISTRIBUTION, ETC. (IMPRINT)
Place of publication, distribution, etc New York
Name of publisher, distributor, etc W. W. Norton
Date of publication, distribution, etc c2005
300 ## - PHYSICAL DESCRIPTION
Extent xvi, 585p.
490 ## - SERIES STATEMENT
Series statement Norton critical edition
653 ## - INDEX TERM--UNCONTROLLED
Uncontrolled term Mothers and daughters
653 ## - INDEX TERM--UNCONTROLLED
Uncontrolled term Social classes
653 ## - INDEX TERM--UNCONTROLLED
Uncontrolled term Young women
653 ## - INDEX TERM--UNCONTROLLED
Uncontrolled term Northern England
700 ## - ADDED ENTRY--PERSONAL NAME
Personal name Shelston, Alan
Relator term Editor
942 ## - ADDED ENTRY ELEMENTS (KOHA)
Source of classification or shelving scheme Dewey Decimal Classification
Koha item type Books
Holdings
Withdrawn status Lost status Source of classification or shelving scheme Damaged status Not for loan Collection code Home library Current library Date acquired Source of acquisition Full call number Barcode Date last seen Price effective from Koha item type
    Dewey Decimal Classification     General Text Book Central University Of Rajasthan Central University Of Rajasthan 13/02/2019 ENG 823.8 G21E 31755 02/09/2020 02/09/2020 Books